Kadrowicze Czesława Michniewicza - Statystyki

Ogólne statystyki
  • Ten quiz został rozwiązany 95 razy
  • Średni wynik to 28 z 36
Statystyki odpowiedzi
Mecze Pozycja Piłkarz % Poprawnych
8 Bramkarz Wojciech Szczęsny
100%
3 Bramkarz Łukasz Skorupski
98%
13 Obrońca Kamil Glik
95%
10 Napastnik Robert Lewandowski
95%
6 Napastnik Arkadiusz Milik
94%
5 Napastnik Karol Świderski
94%
12 Pomocnik Grzegorz Krychowiak
93%
9 Obrońca Jakub Kiwior
91%
1 Bramkarz Kamil Grabara
91%
6 Napastnik Krzysztof Piątek
91%
4 Napastnik Adam Buksa
90%
1 Bramkarz Bartłomiej Drągowski
90%
11 Obrońca Bartosz Bereszyński
90%
9 Obrońca Jan Bednarek
90%
12 Pomocnik Piotr Zieliński
90%
3 Pomocnik Damian Szymański
88%
9 Pomocnik Sebastian Szymański
88%
9 Obrońca Matty Cash
87%
5 Pomocnik Kamil Grosicki
80%
8 Pomocnik Przemysław Frankowski
79%
1 Obrońca Artur Jędrzejczyk
78%
7 Pomocnik Jakub Kamiński
77%
2 Pomocnik Karol Linetty
77%
8 Pomocnik Nicola Zalewski
77%
2 Pomocnik Jakub Moder
73%
2 Obrońca Tymoteusz Puchacz
73%
3 Pomocnik Mateusz Klich
71%
6 Pomocnik Krystian Bielik
70%
1 Obrońca Bartosz Salamon
65%
4 Pomocnik Jacek Góralski
65%
2 Pomocnik Michał Skóraś
65%
1 Obrońca Arkadiusz Reca
61%
7 Pomocnik Szymon Żurkowski
56%
3 Obrońca Robert Gumny
55%
2 Obrońca Mateusz Wieteska
48%
1 Pomocnik Mateusz Łęgowski
18%
Nie znaleziono quizów pasujących do podanych kryteriów
Rozkład punktacji
Procent ludzi z każdym wynikiem
Percentyl według liczby udzielonych odpowiedzi
Twoja historia wyników
Nie rozwiązałeś tego quizu